The noble scholar, jurist, historian


 His Excellency Dr. Abdul Wahhab bin Ibrahim Abu Sulaiman, may Allah have mercy on him.


 He was born in Umm Al-Qura in the year 1356 AH.

النظر الفسيح عند مضائق الأنظار في الجامع الصحيح / (Record no. 4512)

MARC details
000 -LEADER
fixed length control field 01600cam a22003251i 4500
003 - CONTROL NUMBER IDENTIFIER
control field SA-RiAUC
005 - DATE AND TIME OF LATEST TRANSACTION
control field 20250107072805.0
008 - FIXED-LENGTH DATA ELEMENTS--GENERAL INFORMATION
fixed length control field 250105s2007 ti g b 001 0 ara c
020 ## - INTERNATIONAL STANDARD BOOK NUMBER
International Standard Book Number 977342510X
040 ## - CATALOGING SOURCE
Original cataloging agency QA-DoFIS
Language of cataloging ara
Transcribing agency SA-RiAUC.
Description conventions rda
050 #4 - LIBRARY OF CONGRESS CALL NUMBER
Item number B56 2007
082 04 - DEWEY DECIMAL CLASSIFICATION NUMBER
Classification number 235.1
Assigning agency SA-RiAUC
100 1# - MAIN ENTRY--PERSONAL NAME
Personal name ابن عاشور، محمد الطاهر،
Dates associated with a name 1296-1393 هجري
Relator term مؤلف.
245 12 - TITLE STATEMENT
Title النظر الفسيح عند مضائق الأنظار في الجامع الصحيح /
Statement of responsibility, etc. محمد الطاهر بن عاشور.
250 ## - EDITION STATEMENT
Edition statement الطبعة الأولى.
264 #1 - PRODUCTION, PUBLICATION, DISTRIBUTION, MANUFACTURE, AND COPYRIGHT NOTICE
Place of production, publication, distribution, manufacture تونس :
-- القاهرة :
Name of producer, publisher, distributor, manufacturer دار سحنون للنشر والتوزيع ؛
-- دار السلام للطباعة والنشر والتوزيع والترجمة،
Date of production, publication, distribution, manufacture, or copyright notice 2007
300 ## - PHYSICAL DESCRIPTION
Extent 366 صفحة ؛
Dimensions 24 سم
336 ## - CONTENT TYPE
Content type term نص
Content type code txt
Source rdacontent
Materials specified كتاب
337 ## - MEDIA TYPE
Media type term بدون وسيط
Media type code n
Source rdamedia
338 ## - CARRIER TYPE
Carrier type term مجلد
Carrier type code nc
Source rdacarrier
500 ## - GENERAL NOTE
General note كشافات : صفحة 287-363.
504 ## - BIBLIOGRAPHY, ETC. NOTE
Bibliography, etc. note يشتمل على إرجاعات ببليوجرافية.
650 #7 - SUBJECT ADDED ENTRY--TOPICAL TERM
Topical term or geographic name entry element صحيح البخاري
Source of heading or term aucsh
650 #7 - SUBJECT ADDED ENTRY--TOPICAL TERM
Topical term or geographic name entry element الحديث
General subdivision شرح
Source of heading or term aucsh
700 12 - ADDED ENTRY--PERSONAL NAME
Personal name البخاري، محمد بن إسماعيل بن إبراهيم،
Dates associated with a name 194-256 هجري
740 02 - ADDED ENTRY--UNCONTROLLED RELATED/ANALYTICAL TITLE
Uncontrolled related/analytical title صحيح البخاري، المسمى، الجامع الصحيح المسند من حديث رسول الله وسننه وأيامه.
740 22 - ADDED ENTRY--UNCONTROLLED RELATED/ANALYTICAL TITLE
Uncontrolled related/analytical title الجامع الصحيح المسند من حديث رسول الله وسننه وأيامه.
942 ## - ADDED ENTRY ELEMENTS (KOHA)
Source of classification or shelving scheme Dewey Decimal Classification
Koha item type Books
Suppress in OPAC No
949 ## - LOCAL PROCESSING INFORMATION (OCLC)
a SA-JeALM
d 250105
u osman123
n 1

No items available.